Sembrar en medio del desierto : (Registro nro. 7362)

Detalles MARC
000 -CABECERA
Campo de control 01174nam a2200289 a 4500
005 - FECHA Y HORA DE LA ULTIMA TRANSACCION
Campo de control 20150313020003.0
008 - ELEMENTOS DE LONGITUD FIJA—INFORMACION GENERAL
Campo de control 110727s2010 ck a gr 000 0 spa d
015 ## - NATIONAL BIBLIOGRAPHY NUMBER
National bibliography number ck-2010-xxxx
020 ## - ISBN
ISBN 9789588343495
041 0# - IDIOMA
Código de idioma para texto/pista de sonido o título separado Español
043 ## - GEOGRAPHIC AREA CODE
Geographic area code s-ck---
082 04 - NUMERO DE CLASIFICACION DECIMAL DEWEY
Número de clasificación 633
Número del ítem C227s
100 1# - ASIENTO PRINCIPAL--NOMBRE PERSONAL
Nombre personal Cano Correa, Claudia.
245 10 - MENCION DE TITULO
Título Sembrar en medio del desierto :
Parte restante del título ritual y agrobiodiversidad entre los Wayuu /
Mención de responsabilidad Claudia cano Correa, María Clara van der Hammen Malo y Camilo Arbeláez Albornoz.
260 ## - PUBLICACION, DISTRIBUCION, ETC. (PIE DE IMPRENTA)
Lugar de publicación, distribución, etc. Bogotá
Nombre del editor, distribuidor, etc. Instituto de Investigación de Recursos Biológicos Alexander von Humboldt,
Fecha de publicación, distribución, etc. 2010.
300 ## - DESCRIPCION FISICA
Extensión 168 p.
Otros detalles físicos il. ;
Dimensiones 28 cm.
504 ## - NOTA DE BIBLIOGRAFIA, ETC.
Nota de bibliografía Incluye bibliografía.
650 #4 - ASIENTO SECUNDARIO DE MATERIA - TERMINO TEMATICO
Término temático o nombre geográfico como elemento de entrada Cultivos
Subdivisión geográfica La Guajira (Colombia)
650 #4 - ASIENTO SECUNDARIO DE MATERIA - TERMINO TEMATICO
Término temático o nombre geográfico como elemento de entrada Desarrollo de recursos del desierto
Subdivisión geográfica La Guajira (Colombia)
650 #4 - ASIENTO SECUNDARIO DE MATERIA - TERMINO TEMATICO
Término temático o nombre geográfico como elemento de entrada Wayuu (Guajira, Colombia)
Subdivisión general Aspectos económicos.
650 #4 - ASIENTO SECUNDARIO DE MATERIA - TERMINO TEMATICO
Término temático o nombre geográfico como elemento de entrada Agrobiodiversidad.
650 #4 - ASIENTO SECUNDARIO DE MATERIA - TERMINO TEMATICO
Término temático o nombre geográfico como elemento de entrada Agricultura
Subdivisión geográfica La Guajira (Colombia)
650 #4 - ASIENTO SECUNDARIO DE MATERIA - TERMINO TEMATICO
Término temático o nombre geográfico como elemento de entrada Zonas de cultivo
Subdivisión geográfica La Guajira (Colombia)
700 1# - ASIENTO SECUNDARIO - NOMBRE PERSONAL
Nombre personal Hammen Malo, María Clara van der.
700 1# - ASIENTO SECUNDARIO - NOMBRE PERSONAL
Nombre personal Arbeláez A., Camilo.
942 ## - ELEMENTOS ADICIONALES (KOHA)
Sistema de clasificación Dewey Decimal Classification
Tipo de ítem
Koha issues (borrowed), all copies 3
Existencias
Withdrawn status Lost status Sistema de Clasificación Damaged status No para préstamo Colección Inventariado Ubicación Permanente Ubicación actual Fecha de adquisición Fuente de Valor Valor Total Checkouts Total Renewals Número topográfico Inventario / Código de Barras Date last seen Date checked out Ejemplar Price effective from Forma de adquisición Tipo de material
    Dewey Decimal Classification     Humboldt Inventariado 2017 Bogotá Bogotá 09/07/2013 Instituto 39000.00 2 1 IAVH-633 C227s 028406 12/03/2015 12/03/2015 Ej. 1 09/07/2013 Institucional Libro
    Dewey Decimal Classification     Humboldt Inventariado 2017 Bogotá Bogotá 16/09/2013 Instituto 39000.00 2 1 IAVH-633 C227s 058488 30/09/2019 23/04/2019 Ej. 2 16/09/2013 Institucional Libro
    Local     Humboldt   Bogotá Bogotá 20/11/2013         MM-0087 058882 20/11/2013   Ej. 3 20/11/2013 Institucional CD-ROM
    Dewey Decimal Classification     Humboldt Inventariado 2017 Sala Fabio Quevedo Sala Fabio Quevedo 23/07/2014 Instituto 39000.00     IAVH-633 C227s 038178 23/07/2014   Ej. 4 23/07/2014 Institucional Libro